Ereignisse vom 28. Januar - Statistiken

Allgemein
  • Dieses Quiz wurde 18 mal gespielt
  • Das Durchschnittsergebnis liegt bei 5 aus 10
Antwortstatistiken
Jahr Ereignis Antwort % Korrekt
2020 Die erste bestätige Infektion mit diesem Virus in Deutschland SARS-CoV-2
100%
1887 Gustave Eiffel beginnt mit dem Bau dieses französischen Wahrzeichens Eiffelturm
94%
1985 Diese Firma meldet ihre Klemmbausteine zum Patent an Lego
89%
1900 Der deutsche Fußballbund (DFB) wird in dieser sächsischen Stadt gegründet Leipzig
78%
1986 Dieses Space Shuttle zerbricht kurz nach dem Start, wobei 7 Astronauten sterben. Es ist der bis dahin schwerste Unfall in der Raumfahrtgeschichte der USA Challenger
39%
1820 Die Antarktis-Expedition dieses Landes entdeckt das antarktische Festland Russland
22%
1813 Jane Austen veröffentlicht anonym diesen Roman Stolz und Vorurteil
22%
1935 Dieses europäische Land erlaubt als erstes weltweit den Schwangerschaftsabbruch unter bestimmten Umständen Island
17%
1918 Die russische Rote Armee wird unter der Führung dieses russischen Politikers und Revolutionärs gegründet Leo Trotzki
17%
1933 Dieser deutsche Reichskanzler tritt zurück und empfiehlt die Ernennung Hitlers, die 2 Tage später erfolgt Kurt von Schleicher
11%
Keine übereinstimmenden Quizze gefunden
Verteilung der Resultate
Anzahl Personen mit jedem Resultat
Perzentil nach korrekt beantworteten Fragen
Ihre Resultats-Entwicklung
Sie haben dieses Quiz noch nicht gespielt